Sports Quiz

Random Sports Quiz
Score 0/15 Timer 04:00
0 Plays Today
Rank Driver % Correct
1Dale Earnhardt Jr.
98.7%
2Jeff Gordon
96.1%
15Jimmie Johnson
94.7%
5Dale Earnhardt Sr.
93.4%
8Richard Petty
85.5%
6Tony Stewart
80.3%
7Mark Martin
64.5%
9Matt Kenseth
64.5%
Rank Driver % Correct
13Carl Edwards
61.8%
4Kevin Harvick
60.5%
12Kasey Kahne
50%
14Jeff Burton
42.1%
10Greg Biffle
40.8%
11Cale Yarborough
35.5%
3Ken Schrader
15.8%
Remove Ads.
Support Sporcle.
Get the best of Sporcle when you Go Orange. This ad-free experience offers more features, more stats, and more fun while also helping to support Sporcle. Thank you for becoming a member.

You're not logged in!

Compare scores with friends on all Sporcle quizzes.
OR
Log In

Show Comments

Extras

Created Jan 13, 2015ReportNominate
Tags:Driver, NASCAR, net, past, present, Wealthiest, Worth

Top Quizzes Today


Score Distribution

Your Account Isn't Verified!

In order to create a playlist on Sporcle, you need to verify the email address you used during registration. Go to your Sporcle Settings to finish the process.

Report this User

Report this user for behavior that violates our Community Guidelines.

Details: